GIS/LIS for sustainable development, GIS/LIS and the future : proceedings of the FIG Commission 3 seminar, Copenhagen, Denmark 28-30 October 1996. (Record no. 96452)

MARC details
000 -LEADER
fixed length control field 00804cam a2200265 4500
008 - FIXED-LENGTH DATA ELEMENTS--GENERAL INFORMATION
fixed length control field 090401t1996 xxu||||| |||| 00| 0 eng d
020 ## - INTERNATIONAL STANDARD BOOK NUMBER
International Standard Book Number 8778660459
035 ## - SYSTEM CONTROL NUMBER
System control number (Sirsi) u78434
041 ## - LANGUAGE CODE
Language code of text/sound track or separate title eng
050 ## - LIBRARY OF CONGRESS CALL NUMBER
Classification number 333.70285
110 ## - MAIN ENTRY--CORPORATE NAME
Corporate name or jurisdiction name as entry element Federation International Des Geometres
245 ## - TITLE STATEMENT
Title GIS/LIS for sustainable development, GIS/LIS and the future : proceedings of the FIG Commission 3 seminar, Copenhagen, Denmark 28-30 October 1996.
260 ## - PUBLICATION, DISTRIBUTION, ETC.
Place of publication, distribution, etc. Copenhagen, Denmark
Name of publisher, distributor, etc. National Survey and Cadastre
Date of publication, distribution, etc. 1996
300 ## - PHYSICAL DESCRIPTION
Extent 161p. ; 30cm.
350 ## - PRICE (NR) (BK AM CF MU VM SE) [OBSOLETE]
Price 0
650 ## - SUBJECT ADDED ENTRY--TOPICAL TERM
Topical term or geographic name entry element CADASTRE
650 ## - SUBJECT ADDED ENTRY--TOPICAL TERM
Topical term or geographic name entry element GIS
650 ## - SUBJECT ADDED ENTRY--TOPICAL TERM
Topical term or geographic name entry element GIS
650 ## - SUBJECT ADDED ENTRY--TOPICAL TERM
Topical term or geographic name entry element LAND INFORMATION SYSTEMS
650 ## - SUBJECT ADDED ENTRY--TOPICAL TERM
Topical term or geographic name entry element SUSTAINABLE DEVELOPMENT
690 ## - LOCAL SUBJECT ADDED ENTRY--TOPICAL TERM (OCLC, RLIN)
Topical term or geographic name as entry element LAND
700 ## - ADDED ENTRY--PERSONAL NAME
Personal name Ryttersgaard, Jes
International Standard Serial Number Editor
942 ## - ADDED ENTRY ELEMENTS (KOHA)
Suppress in OPAC 0
948 ## - LOCAL PROCESSING INFORMATION (OCLC); SERIES PART DESIGNATOR (RLIN)
c (OCLC) 20/05/1997
Holdings
Withdrawn status Lost status Source of classification or shelving scheme Damaged status Not for loan Home library Current library Shelving location Date acquired Total Checkouts Full call number Barcode Date last seen Copy number Price effective from Koha item type
    Dewey Decimal Classification     London London Basement 14/09/1999   SHELF 205 30053021 06/08/2019 1 06/08/2019 Book